000
00338nam a2200145Ia 4500
008
150201s2011 xx 000 0 und d
082
_a
616.079
_b
E11G
100
_a
GUPTA ,S,K,
245
_a
ESSENTIALS OF IMMUNOLOGY
250
_a
1ST
260
_b
ARYA
_a
DELHI
_c
2011
300
_a
1-361
650
_a
MICROBIOLOGY
942
_2
ddc
_c
BK
_0
21
999
_c
1428
_d
1428